01527nam a2200313 a 450000100100000000500170001000800410002702000150006804000250008308200250010810000540013324501520018725000110033926000430035030000310039349000740042449000340049850002130053250000640074550400320080959000260084165000280086765000330089565000310092883000770095983000370103695201230107399900170119600004741020240412074306.0091005s2006 dr g r 000 p spa d a9993433527 aDO-SdBNPbspacBNPHU aRD861.3bG633p, 20061 aGómez Sánchez, Fiume Bienvenidad1941-92516210aPoesías y canciones a la patria :bde como los dominicanos han sentido la patria a través de la historia /cFiume Bienvenida Gómez Sánchez. a3a ed. aSanto Domingo :bUniversitaria,c2006. a427 p. :bmús. ;c24 cm.1 aPublicaciones de la Universidad autónoma de Santo Domingo ;v1267 ;1 aLiteratura y sociedad ;v59 ; aAprobado como libro de consulta y referencia para los doce años de la Educación Nacional (Básica y Media) por la Dirección General de Currículo de la Secretaría de Estado de Educación junio 2001 aIncluye datos biográficos del autor en la contracubierta. aBibliografía : p. 425-427 aInventariado, 2018/YL 0aPoesía dominicana966 4aCanciones dominicanas919584 0aLiteratura dominicana.967 0aPublicaciones de la Universidad autónoma de Santo Domingon1267975049 0aLiteratura y sociedadn59975050 0010718PDaPDbPDcCTd2018-05-15iLF1l0oRD861.3 G633p, 2006p47410-10r2020-06-25w2020-06-25yLFPDZNo se presta c46898d46898